Дискретная математика / 2019: электронный курс
| Hlavní autor: | |
|---|---|
| Korporativní autor: | |
| Shrnutí: | Заглавие с экрана Основной целью курса «Дискретная математика» является формирование у обучающихся определенного состава компетенций (результатов освоения) для подготовки к профессиональной деятельности. Курс предназначен для студентов направлений 15.03.04 «Автоматизация технологических процессов и производств» и 15.03.06 «Мехатроника и робототехника» очной формы обучения. Студенты 2019 года приема в соответствии с учебным планом изучают курс в третьем семестре. Курс не критичен к пререквизитам. Для его освоения достаточно знаний в объеме школьной программы. Доступ по логину и паролю |
| Jazyk: | ruština |
| Vydáno: |
Томск, TPU Moodle, 2020
|
| Témata: | |
| On-line přístup: | https://design.lms.tpu.ru/course/view.php?id=3608 |
| Médium: | MixedMaterials Elektronický zdroj Kniha |
| KOHA link: | https://koha.lib.tpu.ru/cgi-bin/koha/opac-detail.pl?biblionumber=666731 |
MARC
| LEADER | 00000nlm0a2200000 4500 | ||
|---|---|---|---|
| 001 | 666731 | ||
| 005 | 20240116111408.0 | ||
| 035 | |a (RuTPU)RU\TPU\network\37935 | ||
| 035 | |a RU\TPU\network\26403 | ||
| 090 | |a 666731 | ||
| 100 | |a 20220124d2020 m y0rusy50 ca | ||
| 101 | 0 | |a rus | |
| 102 | |a RU | ||
| 105 | |a a j 000zy | ||
| 135 | |a jrcn ---uucaa | ||
| 181 | 0 | |a i | |
| 182 | 0 | |a b | |
| 200 | 1 | |a Дискретная математика / 2019 |e электронный курс |f А. В. Воронин |g Национальный исследовательский Томский политехнический университет, Инженерная школа информационных технологий и робототехники, Отделение автоматизации и робототехники (ОАР) | |
| 203 | |a Текст |c электронный | ||
| 210 | |a Томск |c TPU Moodle |d 2020 | ||
| 300 | |a Заглавие с экрана | ||
| 330 | |a Основной целью курса «Дискретная математика» является формирование у обучающихся определенного состава компетенций (результатов освоения) для подготовки к профессиональной деятельности. Курс предназначен для студентов направлений 15.03.04 «Автоматизация технологических процессов и производств» и 15.03.06 «Мехатроника и робототехника» очной формы обучения. Студенты 2019 года приема в соответствии с учебным планом изучают курс в третьем семестре. Курс не критичен к пререквизитам. Для его освоения достаточно знаний в объеме школьной программы. | ||
| 333 | |a Доступ по логину и паролю | ||
| 606 | 1 | |a Дискретная математика |2 stltpush |3 (RuTPU)RU\TPU\subj\9597 |9 36814 | |
| 610 | 1 | |a электронный ресурс | |
| 610 | 1 | |a труды учёных ТПУ | |
| 610 | 1 | |a электронные учебные пособия | |
| 610 | 1 | |a учебные пособия | |
| 610 | 1 | |a Moodle | |
| 610 | 1 | |a e-learning | |
| 610 | 1 | |a теория множеств | |
| 610 | 1 | |a математическая логика | |
| 610 | 1 | |a теория графов | |
| 675 | |a 51-022.334(075.8) |v 4 | ||
| 700 | 1 | |a Воронин |b А. В. |c специалист в области информатики и вычислительной техники |c доцент Томского политехнического университета, кандидат технических наук |f 1947- |g Александр Васильевич |3 (RuTPU)RU\TPU\pers\27346 |9 12717 | |
| 712 | 0 | 2 | |a Национальный исследовательский Томский политехнический университет |b Инженерная школа информационных технологий и робототехники |b Отделение автоматизации и робототехники (ОАР) |3 (RuTPU)RU\TPU\col\23553 |
| 801 | 2 | |a RU |b 63413507 |c 20220627 |g RCR | |
| 856 | 4 | |u https://design.lms.tpu.ru/course/view.php?id=3608 | |
| 942 | |c CF | ||